Name The Celebrity- Mega Picture Edition - Statistics

General Stats
  • This quiz has been taken 346 times
  • The average score is 25 of 50
Answer Stats
Picture Answer % Correct
Will Smith
93%
Ariana Grande
87%
Michelle Obama
87%
Selena Gomez
87%
Marilyn Monroe
85%
Justin Timberlake
83%
Jackie Chan
80%
John Lennon
79%
Anne Frank
77%
Tom Hanks
76%
Kristen Stewart
71%
Madonna
69%
Stan Lee
65%
Anna Kendrick
63%
Jimmy Kimmel
63%
Idris Elba
62%
Winston Churchill
62%
Steve Irwin
61%
Bradley Cooper
60%
Justin Trudeau
53%
Rupaul
52%
Angela Merkel
51%
Victoria Beckham
51%
Marie Curie
50%
Frank Sinatra
47%
Barbra Streisand
44%
Mike Myers
44%
Jeff Goldblum
43%
Ludacris
42%
Nikola Tesla
41%
Sarah Jessica Parker
41%
Leonardo Da Vinci
39%
Alfred Hitchcock
36%
Ruth Bader Ginsburg
36%
Bette Midler
34%
Isla Fisher
34%
Michelle Williams
34%
Tony Blair
33%
Buddy Holly
32%
Julianne Moore
32%
Oscar Wilde
31%
William Shatner
30%
Sting
29%
Lucille Ball
25%
Ulysses S. Grant
22%
Aziz Ansari
20%
Miranda Kerr
19%
Candice Bergen
12%
Giorgio Armani
12%
John Hurt
12%
No matching quizzes found
Score Distribution
Percent of People with Each Score
Percentile by Number Answered
Your Score History
You have not taken this quiz